| 000 | 00884nam a2200229Ii 4500 | ||
|---|---|---|---|
| 003 | JO-AjNU | ||
| 008 | 230605s9999||||xx |||||||||||||| ||und|| | ||
| 017 | _a2007/7934 | ||
| 020 | _a977-337-267-7 | ||
| 040 |
_aJO-AjNU _bara _erda _cJO-AjNU |
||
| 041 | _aara | ||
| 050 | 1 | 4 | _aHD53.I32.2007 |
| 100 | 3 |
_aاعداد مركز الخبرات المهنية للادارة بميك؛ المستشار العلمي عبدالرحمن توفيق, _eauthor _944097 |
|
| 245 | 0 | 0 | _aادارة الاصول الفكرية نماذج عملية |
| 264 | 3 | 1 | _aالقاهرة: مركز الخبرات المهنية للادارة بميك،2007 |
| 300 | _a80ص | ||
| 336 |
_atext _btxt _2rdacontent |
||
| 337 |
_aunmediated _bn _2rdamedia |
||
| 338 |
_avolume _bnc _2rdacarrier |
||
| 490 | 0 | _aالنماذج التدريبية109 | |
| 650 | 4 |
_aادارة الاصول الفكرية _944098 |
|
| 999 |
_aA19011 _c22579 _d22579 |
||